{"text_format":"1","workbook":"xlsx","n_sheets":3,"sheets":["invoice","وكلاء","الصادر"],"not_rendered":{"charts":0,"images":0,"macros":1,"external_links":1,"defined_names":7,"comments":0,"pivot_tables":0},"unopened":[],"bounds":{"document_bytes":16777216,"sheet_cells":100000,"rows_first":2000,"rows_last":500,"rows_between":2000,"halvings":0,"cell_chars":16384,"cell_head_chars":4096},"cells_cut":0,"cells_raw":0,"read":"whole","date_system":"1900"}

{"sheet":"invoice","index":0,"n_rows":46,"n_cols":8,"rows_kept":46,"cut":false,"hidden":false,"merged":[[5,6,5,7],[9,6,9,7],[12,5,12,6],[14,5,14,6],[16,3,16,6],[45,4,45,5],[45,6,45,7],[41,2,41,3],[41,4,41,5],[41,6,41,7],[42,2,42,3],[42,4,42,5],[42,6,42,7],[43,2,43,3],[43,4,43,5],[43,6,43,7],[44,2,44,3],[44,4,44,5]]}
[]
[]
[]
[]
[]
[null,null,null,{"$f":"TODAY()","v":"2021-06-04"},null,null,1]
[]
[]
[]
[null,null,null,"agent4"]
[]
[]
[]
[]
[]
[]
[]
[]
[null,null,"#",null,"unit","Qty.","U.price","Amount"]
[null,null,1,"pouyt","bottle",50,5.5,275]
[null,null,2,"rtyui","pc",40,3.6,144]
[null,null,3,"nbhuy","kg",30,4.8,144]
[null,null,4,"lkop","boxes",20,10,200]
[null,null,5,"erty","bottle",10,3.5,35]
[null,null,6,"kljgf","pc",12,4,48]
[null,null,"",null,null,"","",""]
[null,null,"",null,null,"","",""]
[null,null,"",null,null,"","",""]
[null,null,"",null,null,"","",""]
[null,null,"",null,null,"","",""]
[null,null,"",null,null,"","",""]
[null,null,"",null,null,"","",""]
[null,null,"",null,"","","",""]
[null,null,"",null,"","","",""]
[null,null,"",null,"","","",""]
[2.2999999999999998,null,"",null,"","","",""]
[null,null,"",null,"","","",""]
[null,null,"",null,"","","",""]
[null,null,"",null,"","","",""]
[null,null,"",null,"","","",""]
[null,null,null,null,null,null,0]
[null,null,null,null,"Total qua.",null,{"$f":"IF(D10=\"\",\"\",SUM(F20:F40))","v":162}]
[null,null,null,null,"Total amount",null,{"$f":"IF(D10=\"\",\"\",SUM(H20:H41))","v":846}]
[null,null,null,null,"Transportation"]
[null,null,null,null,"Discount"]
[null,null,null,null,"Net",null,{"$f":"IF(D10=\"\",\"\",G43+G44-H45)","v":846}]

{"sheet":"وكلاء","index":1,"n_rows":9,"n_cols":5,"rows_kept":9,"cut":false,"hidden":false,"merged":[]}
[]
[]
[]
[]
[]
[]
[]
["#","الوكيل","القائمه","تاريخها","مبلغها"]
[null,"agent4",1,"2021-06-02",846]

{"sheet":"الصادر","index":2,"n_rows":11,"n_cols":14,"rows_kept":11,"cut":false,"hidden":false,"merged":[]}
[]
[]
[]
[]
[null,"التاريخ","الرقم","الوكيل","الماده","التعبئه","الكميه","السعر","القيمه","الصافي","الخصم"]
[null,"2021-06-02",1,"agent4","pouyt","bottle",50,5.5,275,846]
[null,null,null,null,"rtyui","pc",40,3.6,144]
[null,null,null,null,"nbhuy","kg",30,4.8,144,null,null,null,null,"صافي الفاتورة"]
[null,null,null,null,"lkop","boxes",20,10,200]
[null,null,null,null,"erty","bottle",10,3.5,35]
[null,null,null,null,"kljgf","pc",12,4,48]